Business correspondence with style: (Record no. 249)

MARC details
000 -LEADER
fixed length control field 00730nam a22001937a 4500
005 - DATE AND TIME OF LATEST TRANSACTION
control field 20230522015035.0
008 - FIXED-LENGTH DATA ELEMENTS--GENERAL INFORMATION
fixed length control field 221123b |||||||| |||| 00| 0 eng d
020 ## - INTERNATIONAL STANDARD BOOK NUMBER
International Standard Book Number 978-971-98-0873-2
082 ## - DEWEY DECIMAL CLASSIFICATION NUMBER
Classification number Fil. 651.75 B277 2018
100 ## - MAIN ENTRY--PERSONAL NAME
Personal name Barrot, Jessie S.
Relator term author
245 ## - TITLE STATEMENT
Title Business correspondence with style:
Remainder of title a guide to effective business English and correspondence for college students and professionals /
Statement of responsibility, etc. Jessie S. Barrot
260 ## - PUBLICATION, DISTRIBUTION, ETC.
Place of publication, distribution, etc. Quezon City:
Name of publisher, distributor, etc. C & E Publishing,
Date of publication, distribution, etc. c2018.
300 ## - PHYSICAL DESCRIPTION
Extent viii, 321p.;
Other physical details ill.
504 ## - BIBLIOGRAPHY, ETC. NOTE
Bibliography, etc. note Includes bibliographies and index
541 ## - IMMEDIATE SOURCE OF ACQUISITION NOTE
Accession number 5717 c.1, 6526 c.2, 6527 c.3
650 ## - SUBJECT ADDED ENTRY--TOPICAL TERM
Topical term or geographic name entry element Business letters
650 ## - SUBJECT ADDED ENTRY--TOPICAL TERM
Topical term or geographic name entry element Business communication
650 ## - SUBJECT ADDED ENTRY--TOPICAL TERM
Topical term or geographic name entry element English language - Business English
Holdings
Withdrawn status Lost status Source of classification or shelving scheme Damaged status Not for loan Home library Current library Date acquired Total Checkouts Full call number Barcode Date last seen Copy number Price effective from Koha item type
    Dewey Decimal Classification     ctu-moalboal ctu-moalboal 01/14/2019   Fil. 651.75 B277 2018 5717 11/23/2022 1 11/23/2022 Books-Filipiniana
    Dewey Decimal Classification     ctu-moalboal ctu-moalboal 12/17/2020   Fil. 651.75 B277 2018 6526 11/23/2022 2 11/23/2022 Books-Filipiniana
    Dewey Decimal Classification     ctu-moalboal ctu-moalboal 12/17/2020   Fil. 651.75 B277 2018 6527 11/23/2022 3 11/23/2022 Books-Filipiniana